[Event "Online Olym Top DivA 2020"]
[Site "chess.com INT"]
[Date "2020.08.23"]
[Round "8.3"]
[Board "3"]
[White "Arabidze, Meri"]
[Black "Gevorgyan, Irina"]
[Result "1-0"]
[WhiteTitle "IM"]
[BlackTitle "WGM"]
[WhiteElo "2428"]
[BlackElo "2245"]
[WhiteTeam "Georgia"]
[BlackTeam "Uzbekistan"]
[WhiteFideId "13604040"]
[BlackFideId "14201437"]
[EventDate "2020.08.21"]
[EventType "team"]

1. d4 d5 2. c4 e6 3. Nc3 c6 4. e3 Nf6 5. Nf3 Nbd7 6. Qc2 Bd6 7. Be2 O-O 8. O-O
dxc4 9. a4 c5 10. Bxc4 cxd4 11. exd4 Nb6 12. Bb3 Nbd5 13. Bg5 Nb4 14. Qe2 Bd7
15. Ne5 Be7 16. Rad1 Bc6 17. Rfe1 Nfd5 18. Bd2 Bg5 19. Ne4 Bxd2 20. Qxd2 a5 21.
Ng5 h6 22. Ngf3 Qf6 23. Nxc6 Nxc6 24. Bxd5 exd5 25. Ne5 Rfd8 26. Re3 Nxe5 27.
dxe5 Qc6 28. Qd4 Qc4 29. Red3 Rac8 30. f4 Qxd4+ 31. Rxd4 Rc5 32. b4 axb4 33.
Rxb4 Ra8 34. Rdd4 Rc1+ 35. Kf2 Ra1 36. Kf3 g6 37. Rxd5 R1xa4 38. Rxa4 Rxa4 39.
Rd8+ Kg7 40. Rd7 Ra3+ 41. Kg4 h5+ 42. Kh4 Ra4 43. g3 Re4 44. Rxb7 Re2 45. h3 Re1
46. Kg5 Re3 47. Kh4 Re1 48. Ra7 Re3 49. Re7 Kf8 50. Rc7 Kg7 51. g4 hxg4 52. hxg4
Re1 53. Kg5 Re4 54. Re7 Kf8 55. Rd7 Kg7 56. Rc7 Re1 57. Re7 Kf8 58. Kf6 1-0

[Event "Online Olym Top DivA 2020"]
[Site "chess.com INT"]
[Date "2020.08.23"]
[Round "8.3"]
[Board "4"]
[White "Abdusattorova, Bakhora"]
[Black "Batsiashvili, Nino"]
[Result "0-1"]
[WhiteTitle "WIM"]
[BlackTitle "GM"]
[WhiteElo "2094"]
[BlackElo "2457"]
[WhiteTeam "Uzbekistan"]
[BlackTeam "Georgia"]
[WhiteFideId "14204126"]
[BlackFideId "13602993"]
[EventDate "2020.08.21"]
[EventType "team"]

1. d4 Nf6 2. c4 g6 3. Nc3 Bg7 4. e4 d6 5. Nge2 O-O 6. Ng3 c5 7. d5 a6 8. h4 h5
9. Bg5 b5 10. cxb5 axb5 11. Bxb5 Ba6 12. O-O Nbd7 13. a4 Ng4 14. Bxa6 Rxa6 15.
Qe2 Ra8 16. Nb5 Re8 17. Nxd6 Rf8 18. Nc4 Nde5 19. d6 f6 20. dxe7 Qxe7 21. Bf4
Kh7 22. Nb6 Ra7 23. Nd5 Qe6 24. f3 Nh6 25. Be3 Rc8 26. b4 f5 27. Bxc5 Rf7 28.
Nf4 Qf6 29. exf5 Qxh4 30. fxg6+ Nxg6 31. Nfxh5 Bxa1 32. Rxa1 Rxc5 33. bxc5 Qd4+
34. Kh2 Qxa1 35. Ne4 Qe5+ 36. Nhg3 Kg7 37. Kg1 Nf4 38. Qc2 Nf5 39. Ng5 Qe1+ 40.
Nf1 Ne2+ 41. Kh2 Qh4+ 42. Nh3 Nf4 43. Qc3+ Kg6 44. Qb2 Nxh3 45. gxh3 Rh7 46.
Qg2+ Qg5 47. Qe2 Qf4+ 48. Kg2 Nh4+ 49. Kf2 Rf7 50. Qd3+ Kh6 51. Nd2 Qh2+ 52. Ke3
Qg1+ 53. Ke4 Qxc5 54. Qd8 Re7+ 55. Kd3 Re3# 0-1

[Event "Online Olym Top DivA 2020"]
[Site "chess.com INT"]
[Date "2020.08.23"]
[Round "8.3"]
[Board "5"]
[White "Petriashvili, Nikoloz"]
[Black "Saydaliev, Saidakbar"]
[Result "1-0"]
[WhiteTitle "IM"]
[BlackTitle "FM"]
[WhiteElo "2423"]
[BlackElo "2384"]
[WhiteTeam "Georgia"]
[BlackTeam "Uzbekistan"]
[WhiteFideId "13611216"]
[BlackFideId "14203693"]
[EventDate "2020.08.21"]
[EventType "team"]

1. c4 Nf6 2. g3 c5 3. Bg2 g6 4. Nf3 Bg7 5. d4 cxd4 6. Nxd4 O-O 7. Nc3 Nc6 8. O-O
d6 9. Nxc6 bxc6 10. Bxc6 Rb8 11. Qa4 Bb7 12. Bxb7 Rxb7 13. Rd1 Qc8 14. Rb1 Ng4
15. Nd5 Qf5 16. Bf4 e5 17. Qc6 Qh5 18. h4 exf4 19. Qxb7 fxg3 20. fxg3 Qe5 21.
Ne7+ Kh8 22. Qf3 Qc5+ 23. Kh1 Nf2+ 24. Kg2 Nxd1 25. Rxd1 Qxc4 26. b3 Qe6 27. Nd5
h5 28. Nf4 Qf5 29. Rc1 Rc8 30. Nxg6+ fxg6 31. Qxf5 1-0

[Event "Online Olym Top DivA 2020"]
[Site "chess.com INT"]
[Date "2020.08.23"]
[Round "8.3"]
[Board "6"]
[White "Yakubbaeva, Nilufar"]
[Black "Lomaia, Diana"]
[Result "0-1"]
[WhiteTitle "WIM"]
[BlackTitle "WCM"]
[WhiteElo "2265"]
[BlackElo "1999"]
[WhiteTeam "Uzbekistan"]
[BlackTeam "Georgia"]
[WhiteFideId "14204487"]
[BlackFideId "13612476"]
[EventDate "2020.08.21"]
[EventType "team"]

1. d4 d5 2. Bf4 c5 3. e3 Nc6 4. c3 Nf6 5. Bd3 e6 6. Nf3 Bd6 7. Ne5 Qc7 8. Nxc6
bxc6 9. Bg5 Nd7 10. Nd2 Rb8 11. Qc2 h6 12. Bh4 Qb6 13. Rb1 cxd4 14. exd4 c5 15.
Nf3 O-O 16. O-O cxd4 17. Nxd4 Nc5 18. Bh7+ Kh8 19. b4 Nd7 20. a4 Ba6 21. b5 Bb7
22. Bd3 Ne5 23. Rfe1 Rbc8 24. Bg3 Nxd3 25. Qxd3 Rc4 26. a5 Qc5 27. Bxd6 Qxd6 28.
a6 Ba8 29. Qg3 Qxg3 30. hxg3 Rb8 31. Rec1 Kg8 32. Kf1 Kf8 33. Ke2 Ke7 34. Kd3 g6
35. f4 Kd6 36. g4 f6 37. Rh1 e5 38. fxe5+ fxe5 39. Ne2 Rxg4 40. Rxh6 Kc5 41. Rh7
Rxb5 42. Rxb5+ Kxb5 43. Rxa7 Bc6 44. Rc7 Kb6 45. Re7 Bb5+ 46. Ke3 Re4+ 47. Kf3
Bxe2+ 48. Kg3 Kxa6 49. Re6+ Kb5 50. Rxg6 Kc4 51. Rc6+ Kd3 52. Kh3 Rc4 53. Rd6
Ke4 54. g4 Rxc3+ 55. Kh4 d4 56. g5 Bc4 57. g6 d3 58. g7 Rc1 59. Rc6 Rh1+ 60. Kg3
Rg1+ 61. Kf2 Rxg7 62. Rxc4+ Kd5 63. Rc8 Kd4 64. Rd8+ Kc3 65. Ke3 Rg3+ 66. Ke4 d2
67. Rc8+ Kb2 68. Rb8+ Kc2 69. Rc8+ Rc3 0-1

[Event "Online Olym Top DivA 2020"]
[Site "chess.com INT"]
[Date "2020.08.23"]
[Round "8.4"]
[Board "1"]
[White "Svane, Rasmus"]
[Black "Vidit, Santosh Gujrathi"]
[Result "0-1"]
[WhiteTitle "GM"]
[BlackTitle "GM"]
[WhiteElo "2613"]
[BlackElo "2726"]
[WhiteTeam "Germany"]
[BlackTeam "India"]
[WhiteFideId "4657101"]
[BlackFideId "5029465"]
[EventDate "2020.08.21"]
[EventType "team"]

1. Nf3 d5 2. g3 g6 3. Bg2 Bg7 4. d4 Nf6 5. O-O O-O 6. c3 Nbd7 7. a4 a5 8. Bf4 c6
9. Qb3 Nh5 10. Bg5 h6 11. Be3 e6 12. c4 Qe7 13. Qc2 Nhf6 14. Rd1 Ne4 15. Nfd2
Nd6 16. cxd5 exd5 17. Nf3 Nf6 18. Nc3 Bf5 19. Qc1 Kh7 20. Bf4 Nde4 21. Be5 Ng4
22. Bxg7 Kxg7 23. Rf1 Nxc3 24. bxc3 Qxe2 25. h3 Nf6 26. Ne5 Ne4 27. Rb1 Qa6 28.
g4 Be6 29. Qe3 Rfe8 30. f4 f6 31. Nxg6 Kxg6 32. Bxe4+ dxe4 33. f5+ Kg7 34. fxe6
Rxe6 35. Rf5 Rf8 36. Rh5 Rh8 37. c4 Re7 38. Rc5 Qa7 39. Rf1 Qb6 40. Rcf5 Rd8 41.
Rc5 Qb2 42. d5 cxd5 43. cxd5 Qe5 44. Rf5 Qa1+ 45. Rf1 Qe5 46. Rf5 Qa1+ 47. Kg2
Qb2+ 48. Kg3 Qb6 49. Kf2 Qd6 50. Kg2 Re5 51. Rxe5 Qxe5 52. Rb5 Rd7 53. h4 Rc7
54. Kh3 Rc3 55. Rxb7+ Kf8 56. Rb8+ Ke7 57. Rb7+ Kd8 58. Rb8+ Kc7 0-1

[Event "Online Olym Top DivA 2020"]
[Site "chess.com INT"]
[Date "2020.08.23"]
[Round "8.4"]
[Board "2"]
[White "Harikrishna, Pentala"]
[Black "Bluebaum, Matthias"]
[Result "1/2-1/2"]
[WhiteTitle "GM"]
[BlackTitle "GM"]
[WhiteElo "2732"]
[BlackElo "2647"]
[WhiteTeam "India"]
[BlackTeam "Germany"]
[WhiteFideId "5007003"]
[BlackFideId "24651516"]
[EventDate "2020.08.21"]
[EventType "team"]

1. Nf3 d5 2. g3 Bg4 3. Bg2 e6 4. O-O Nf6 5. c4 c6 6. d3 Be7 7. Qb3 Qc8 8. Nc3
O-O 9. h3 Bh5 10. Kh2 Rd8 11. cxd5 cxd5 12. Ne5 Nfd7 13. Nxd7 Qxd7 14. e4 Nc6
15. g4 Nd4 16. Qd1 Bg6 17. exd5 exd5 18. Nxd5 Rac8 19. Nxe7+ Qxe7 20. Bf4 Rc2
21. Rc1 Rxb2 22. Rc7 Qf6 23. Bg3 Ne6 24. Rxb7 Rxb7 25. Bxb7 Bxd3 26. Re1 Be4 27.
Qb3 Nd4 28. Qe3 Nf3+ 29. Kh1 Nxe1+ 30. Bxe4 Qa1 31. Kh2 Qd1 32. Bc7 Rf8 33. Be5
h6 34. Bc3 Nc2 35. Qc5 Re8 36. Qf5 Qd6+ 37. Kg1 g6 38. Qf3 Nd4 39. Qd3 Qe5 40.
Qxd4 Qxd4 41. Bxd4 Rxe4 42. Bxa7 Ra4 43. Be3 g5 44. Kg2 Rxa2 45. h4 f6 46. hxg5
hxg5 47. Kg3 Ra3 48. Kg2 Kf7 49. Bb6 Ke6 50. f3 Rd3 51. Kf2 Rb3 52. Bc5 Ke5 53.
Be3 Kd5 54. Ke2 Kc4 55. Kf2 Kd3 56. Ba7 Rb2+ 57. Kf1 Rb5 58. Kf2 Rb2+ 59. Kf1
Kc4 60. Be3 Kd5 61. Ke1 Ke5 62. Kf1 Ra2 63. Ke1 Ke6 64. Kf1 Kf7 65. Ke1 Kg6 66.
Kf1 f5 67. gxf5+ Kxf5 68. Ke1 Kg6 69. Kf1 Kh5 70. Bf2 Kg6 71. Be3 Kf6 72. Ke1
Kf5 73. Kf1 Kg6 74. Bf2 Kh5 75. Bg3 g4 76. fxg4+ Kxg4 77. Bd6 Kf3 78. Ke1 Ra4
79. Bc5 Rc4 80. Bb6 Rc6 81. Ba7 Rd6 82. Bc5 Rd5 83. Bb6 Rd7 84. Bc5 Rd8 85. Bb6
Rd5 86. Ba7 Rd7 1/2-1/2

[Event "Online Olym Top DivA 2020"]
[Site "chess.com INT"]
[Date "2020.08.23"]
[Round "8.4"]
[Board "4"]
[White "Kulkarni, Bhakti"]
[Black "Osmanodja, Filiz"]
[Result "1-0"]
[WhiteTitle "IM"]
[BlackTitle "WGM"]
[WhiteElo "2391"]
[BlackElo "2293"]
[WhiteTeam "India"]
[BlackTeam "Germany"]
[WhiteFideId "5019516"]
[BlackFideId "24633569"]
[EventDate "2020.08.21"]
[EventType "team"]

1. d4 Nf6 2. c4 e6 3. Nc3 Bb4 4. e3 O-O 5. Bd3 d5 6. Ne2 c5 7. O-O dxc4 8. Bxc4
a6 9. a3 cxd4 10. axb4 dxc3 11. bxc3 Qc7 12. Bd3 e5 13. e4 h6 14. c4 Rd8 15. Qc2
Nc6 16. Rb1 a5 17. bxa5 Rxa5 18. Qb3 Be6 19. Be3 b5 20. Rfd1 Rxd3 21. Qxd3 Bxc4
22. Qd6 Qxd6 23. Rxd6 Bxe2 24. Rxc6 Nxe4 25. f3 Nf6 26. Bxh6 Nd5 27. Bd2 Ra2 28.
Bc1 Bd3 29. Rb2 Ra1 30. Kf2 Bc4 31. Bd2 Rf1+ 32. Kg3 f5 33. Re6 f4+ 34. Kh3 g5
35. Rxe5 Kf7 36. Rxg5 Kf6 37. Rxd5 Bxd5 38. Bxf4 Bc4 39. Kg4 Rd1 40. Bg5+ Kg6
41. h4 Rd4+ 42. Bf4 b4 43. h5+ Kh7 44. Kg5 Rd5+ 45. Kh4 b3 46. g4 Rd4 47. Kg3
Bd5 48. Be3 Rd3 49. Kf2 Rc3 50. f4 Bf7 51. Ke2 Rc4 52. Kd3 Ra4 53. g5 Bxh5 54.
Rxb3 Bg6+ 55. Ke2 Bf5 56. Rb6 Be4 57. Bc5 Rc4 58. Be7 Bf5 59. Kf3 Rc3+ 60. Kf2
Rc4 61. Bd6 Rc2+ 62. Ke3 Rc3+ 63. Kd4 Rc1 64. Ke5 Bd3 65. Kf6 Rf1 66. Rb7+ Kg8
67. g6 Rb1 68. Rf7 Bxg6 69. Kxg6 Rg1+ 70. Kf6 Rd1 71. Rf8+ Kh7 72. Be5 Rd7 73.
f5 Rb7 74. Rf7+ Rxf7+ 75. Kxf7 Kh6 76. f6 Kh7 77. Ke7 Kg8 78. f7+ Kh7 79. f8=Q
Kg6 80. Qf6+ Kh7 81. Qg7# 1-0

[Event "Online Olym Top DivA 2020"]
[Site "chess.com INT"]
[Date "2020.08.23"]
[Round "8.4"]
[Board "5"]
[White "Vogel, Roven"]
[Black "Nihal, Sarin"]
[Result "1/2-1/2"]
[WhiteTitle "IM"]
[BlackTitle "GM"]
[WhiteElo "2456"]
[BlackElo "2620"]
[WhiteTeam "Germany"]
[BlackTeam "India"]
[WhiteFideId "12908088"]
[BlackFideId "25092340"]
[EventDate "2020.08.21"]
[EventType "team"]

1. d4 d5 2. c4 c6 3. cxd5 cxd5 4. Nc3 Nf6 5. Bf4 Nc6 6. e3 Bg4 7. Qb3 Na5 8.
Bb5+ Bd7 9. Qa4 e6 10. Nf3 a6 11. Bxd7+ Nxd7 12. O-O Be7 13. Rfc1 Nc6 14. Qb3
Qb6 15. Qd1 O-O 16. Na4 Qb5 17. Bc7 Rac8 18. Nc3 Qb4 19. a3 Qxb2 20. Ra2 Qxa2
21. Nxa2 Rxc7 22. Nb4 Rfc8 23. Nxc6 Rxc6 24. Rxc6 Rxc6 25. g3 b5 26. Qd3 h6 27.
Kg2 Nb6 28. Ne5 Rc7 29. h4 Bd6 30. Nf3 Nc4 31. e4 Nb6 32. Nd2 Be7 33. exd5 Nxd5
34. Ne4 Rc4 35. Nc5 Bxc5 36. dxc5 Rxc5 37. Qd4 Rc7 38. h5 a5 39. Qd3 Rb7 40. Qc2
Rb8 41. Qc5 b4 42. Qa7 Rb6 43. axb4 axb4 44. Qa8+ Kh7 45. Qe8 Rb7 46. Qc6 Rb6
47. Qe8 b3 48. Qxf7 Rb8 49. Qa7 Rb4 50. Qf7 Rb8 51. Qa7 Rb6 52. Qf7 Rb8 1/2-1/2

[Event "Online Olym Top DivA 2020"]
[Site "chess.com INT"]
[Date "2020.08.23"]
[Round "8.5"]
[Board "2"]
[White "Kudakwashe, Sibanda"]
[Black "Yu, Yangyi"]
[Result "0-1"]
[BlackTitle "GM"]
[WhiteElo "2065"]
[BlackElo "2709"]
[WhiteTeam "Zimbabwe"]
[BlackTeam "China"]
[WhiteFideId "11001925"]
[BlackFideId "8603820"]
[EventDate "2020.08.21"]
[EventType "team"]

1. d4 Nf6 2. c4 e6 3. a3 d5 4. Nc3 c6 5. e3 Nbd7 6. Nf3 Bd6 7. Bd3 O-O 8. O-O
dxc4 9. Bxc4 b5 10. Bd3 Bb7 11. b4 a5 12. Rb1 axb4 13. axb4 Qe7 14. Qb3 e5 15.
Bf5 Rfe8 16. Rd1 h6 17. Bc2 Bc7 18. Bb2 exd4 19. Rxd4 c5 20. bxc5 Nxc5 21. Qxb5
Ba6 22. Qc6 Bb7 23. Qb5 Ra5 24. Qe2 Ne6 25. Ra4 Rh5 26. Ne4 Nxe4 27. Bxe4 Bxe4
28. Rxe4 Nf4 29. Rxe7 Nxe2+ 30. Kf1 Rxe7 31. Kxe2 Rb5 32. Nd4 Rb7 33. Kd3 Be5
34. Kc2 Rec7+ 35. Kd3 Bxd4 36. exd4 Rb3+ 37. Kd2 f6 38. f3 Kf7 39. h3 g5 40. Kd1
Ke6 41. Kd2 Kd5 42. Kd1 f5 43. Kd2 f4 44. Kd1 h5 45. Kd2 h4 46. Kd1 Rcb7 47. Kc2
Rxb2+ 48. Rxb2 Rxb2+ 49. Kxb2 Kxd4 50. Kc2 Ke3 51. Kc3 Kf2 52. Kd2 Kxg2 53. Ke2
Kxh3 54. Kf2 Kh2 0-1

[Event "Online Olym Top DivA 2020"]
[Site "chess.com INT"]
[Date "2020.08.23"]
[Round "8.5"]
[Board "3"]
[White "Ju, Wenjun"]
[Black "Shaba, Linda Dalitso"]
[Result "1-0"]
[WhiteTitle "GM"]
[WhiteElo "2560"]
[BlackElo "1603"]
[WhiteTeam "China"]
[BlackTeam "Zimbabwe"]
[WhiteFideId "8603006"]
[BlackFideId "11001631"]
[EventDate "2020.08.21"]
[EventType "team"]

1. e4 e6 2. d4 d5 3. Nd2 dxe4 4. Nxe4 Nf6 5. Nxf6+ gxf6 6. Nf3 Nc6 7. Be3 Bd7 8.
g3 Bg7 9. Bg2 f5 10. O-O Ne7 11. Qd2 Bc6 12. Rad1 Qd7 13. c4 O-O-O 14. Qa5 a6
15. Qa3 Bxf3 16. Bxf3 Nc6 17. d5 Ne5 18. Bg2 Nxc4 19. Qc5 Nxe3 20. Qa7 Qb5 21.
dxe6 c6 22. Qxe3 fxe6 23. Qxe6+ Kb8 24. Rxd8+ Rxd8 25. Qe7 Rg8 26. Qf7 1-0

[Event "Online Olym Top DivA 2020"]
[Site "chess.com INT"]
[Date "2020.08.23"]
[Round "8.5"]
[Board "4"]
[White "Zengeni, Tatenda Melisa"]
[Black "Lei, Tingjie"]
[Result "0-1"]
[BlackTitle "GM"]
[WhiteElo "1584"]
[BlackElo "2505"]
[WhiteTeam "Zimbabwe"]
[BlackTeam "China"]
[WhiteFideId "11001313"]
[BlackFideId "8605114"]
[EventDate "2020.08.21"]
[EventType "team"]

1. d4 Nf6 2. Nf3 d5 3. e3 e6 4. Bd3 c5 5. b3 Nc6 6. Bb2 Bd6 7. Nbd2 Qc7 8. O-O
e5 9. dxe5 Nxe5 10. Nxe5 Bxe5 11. Bxe5 Qxe5 12. Nf3 Qh5 13. Bb5+ Bd7 14. Bxd7+
Nxd7 15. Nd2 Qxd1 16. Raxd1 O-O-O 17. c4 Ne5 18. cxd5 Rxd5 19. Ne4 Rhd8 20. Nc3
Rd3 21. Rxd3 Rxd3 22. Rc1 b6 23. h3 Rd2 24. Kf1 Rb2 25. f4 Nc6 26. Ne4 Rxa2 27.
Nd6+ Kd7 28. Nxf7 Rb2 29. Rc3 Ke7 30. Ng5 h6 31. Ne4 Na5 32. Ng3 Rxb3 33. Rxb3
Nxb3 34. Nf5+ Kf6 35. Nd6 a5 36. Ke2 Ke6 37. Nc4 b5 38. Nd2 Nxd2 39. Kxd2 Kd5
40. g4 Ke4 41. f5 a4 42. h4 b4 43. g5 hxg5 44. hxg5 Kxf5 45. g6 a3 46. Kc2 c4
47. e4+ Kxe4 48. Kb1 b3 49. Ka1 c3 50. Kb1 c2+ 51. Kc1 Kd4 52. Kd2 a2 53. Kc1
a1=Q+ 0-1

[Event "Online Olym Top DivA 2020"]
[Site "chess.com INT"]
[Date "2020.08.23"]
[Round "8.5"]
[Board "5"]
[White "Chen, Qi b"]
[Black "Hamandishe, Farai"]
[Result "1-0"]
[WhiteTitle "IM"]
[WhiteElo "2493"]
[BlackElo "1743"]
[WhiteTeam "China"]
[BlackTeam "Zimbabwe"]
[WhiteFideId "8614733"]
[BlackFideId "11003871"]
[EventDate "2020.08.21"]
[EventType "team"]

1. e4 e6 2. d4 d5 3. Nd2 c5 4. Ngf3 Nc6 5. exd5 exd5 6. Bb5 Nf6 7. O-O Be7 8.
dxc5 O-O 9. Nb3 Bg4 10. Be2 Ne4 11. Be3 a5 12. a4 Rc8 13. c3 Kh8 14. Qc2 Qc7 15.
Rad1 Rcd8 16. Rfe1 f5 17. h3 Bh5 18. Bd4 Qf4 19. Qc1 Qc7 20. Nh2 Bg5 21. Qc2 Bg6
22. Bd3 Bh4 23. Rf1 Rde8 24. Nf3 Bd8 25. Rde1 Qf4 26. Be3 Qc7 27. Nbd4 f4 28.
Bc1 Qf7 29. Nb5 Qf6 30. Nd6 Nxd6 31. cxd6 Qxd6 32. Bxg6 hxg6 33. Rxe8 Rxe8 34.
Rd1 Bb6 35. Qd2 Qc5 36. Re1 Re4 37. Rf1 Qd6 38. Ng5 Re7 39. Qd1 Ne5 40. Bxf4 Qf6
41. Bxe5 Qxe5 42. Nf3 Qh5 43. Qd3 Kh7 44. Rd1 Rd7 45. Nd4 Rf7 46. Nf3 Rf6 47.
Qxd5 Rf5 48. Qxb7 Bc5 49. b4 axb4 50. cxb4 Bf8 51. b5 Bc5 52. a5 Qh6 53. a6 Qf4
54. a7 Qa4 55. Rd7 Qa1+ 56. Kh2 Rxf3 57. Qxf3 Qe5+ 58. g3 Bxa7 59. Rxa7 Qxb5 60.
Rf7 Qg5 61. h4 Qe5 62. Qb7 Kh6 63. Rxg7 Qxg7 64. Qxg7+ Kxg7 65. Kh3 1-0

[Event "Online Olym Top DivA 2020"]
[Site "chess.com INT"]
[Date "2020.08.23"]
[Round "8.5"]
[Board "6"]
[White "Mudodo, Refiloe Hazel"]
[Black "Ning, Kaiyu"]
[Result "0-1"]
[WhiteTitle "WCM"]
[BlackTitle "WIM"]
[WhiteElo "1543"]
[BlackElo "2327"]
[WhiteTeam "Zimbabwe"]
[BlackTeam "China"]
[WhiteFideId "11000821"]
[BlackFideId "8614750"]
[EventDate "2020.08.21"]
[EventType "team"]

1. e4 e6 2. d4 d5 3. Nd2 c5 4. Ngf3 cxd4 5. Nxd4 Nf6 6. e5 Nfd7 7. N2f3 Nc6 8.
Bb5 Qc7 9. O-O a6 10. Bxc6 bxc6 11. Bf4 c5 12. Nb3 Be7 13. c3 O-O 14. Qd2 a5 15.
Nc1 a4 16. Ne2 Ba6 17. Rfe1 Rfb8 18. Ng3 Qb6 19. Rab1 Bc4 20. b3 axb3 21. axb3
Bxb3 22. c4 Qc6 23. cxd5 Bxd5 24. Rxb8+ Rxb8 25. Qe2 Qb5 26. Qxb5 Rxb5 27. Nd2
g5 28. Be3 Nxe5 29. Kf1 Ng4 30. h3 Nxe3+ 31. Rxe3 Rb2 32. Nf3 c4 33. Kg1 Bc5 34.
Re2 c3 35. Ne1 Rb1 36. Kh2 Bxf2 37. Rxf2 Rxe1 38. Rc2 Re3 39. Ne2 Be4 40. Ra2 c2
41. Nc1 Re1 42. Nb3 c1=Q 43. Nxc1 Rxc1 44. Ra5 f5 45. Ra2 Kf7 46. Rb2 Kf6 47.
Ra2 h5 48. Rb2 h4 49. Ra2 g4 50. hxg4 fxg4 51. Ra4 Ke5 52. Rb4 Kf4 53. Ra4 g3+
54. Kh3 Rh1# 0-1

[Event "Online Olym Top DivA 2020"]
[Site "chess.com INT"]
[Date "2020.08.23"]
[Round "9.1"]
[Board "1"]
[White "Mapuranga, Vitalis"]
[Black "Le, Tuan Minh"]
[Result "0-1"]
[BlackTitle "IM"]
[WhiteElo "2031"]
[BlackElo "2501"]
[WhiteTeam "Zimbabwe"]
[BlackTeam "Vietnam"]
[WhiteFideId "11004380"]
[BlackFideId "12401153"]
[EventDate "2020.08.21"]
[EventType "team"]

1. d4 d5 2. Bf4 Nf6 3. e3 c5 4. c3 Nc6 5. Nd2 Qb6 6. Qb3 c4 7. Qc2 g6 8. e4 Nxe4
9. Nxe4 dxe4 10. Bxc4 Bg7 11. Ne2 O-O 12. O-O e5 13. dxe5 Nxe5 14. Bxe5 Bxe5 15.
Qxe4 Re8 16. Qf3 Qc7 17. Bb3 Bxh2+ 18. Kh1 Be5 19. Ng3 Re7 20. Rad1 h5 21. Qd3
Kg7 22. Qd8 Qxd8 23. Rxd8 h4 24. Ne2 Bc7 25. Rd2 Bg4 26. f3 Bd7 27. Rfd1 Bb5 28.
Ng1 Rae8 29. Bd5 Bf4 30. Rd4 Bg3 31. Re4 f5 32. Rxe7+ Rxe7 33. c4 Be8 34. Nh3
Kf6 35. Ng1 g5 36. Rd2 g4 37. Re2 Be5 38. b4 b6 39. a3 Ba4 40. b5 Rc7 41. fxg4
fxg4 42. Rf2+ Kg5 43. Bc6 Bb3 44. Bd5 Bxc4 45. Bxc4 Rxc4 46. Re2 Bd4 47. Re1 Rc2
48. Ne2 Bf2 0-1

[Event "Online Olym Top DivA 2020"]
[Site "chess.com INT"]
[Date "2020.08.23"]
[Round "9.1"]
[Board "2"]
[White "Tran, Tuan Minh"]
[Black "Kudakwashe, Sibanda"]
[Result "1-0"]
[WhiteTitle "GM"]
[WhiteElo "2518"]
[BlackElo "2065"]
[WhiteTeam "Vietnam"]
[BlackTeam "Zimbabwe"]
[WhiteFideId "12401820"]
[BlackFideId "11001925"]
[EventDate "2020.08.21"]
[EventType "team"]

1. d4 Nf6 2. c4 e6 3. Nc3 Bb4 4. e3 d5 5. a3 Bxc3+ 6. bxc3 c5 7. cxd5 exd5 8.
Bd3 O-O 9. Ne2 b6 10. O-O Ba6 11. Bxa6 Nxa6 12. f3 Re8 13. Ng3 Qd7 14. Qd3 c4
15. Qc2 b5 16. e4 Qc6 17. e5 Nd7 18. f4 f6 19. Bd2 Nc7 20. Rf3 a5 21. Raf1 Qb6
22. Kh1 b4 23. cxb4 axb4 24. Bxb4 Qxd4 25. Bc3 Qb6 26. Nf5 Rxa3 27. Rg3 Ne6 28.
Qd1 Qc5 29. Qh5 g6 30. Rxg6+ hxg6 31. Qxg6+ Kf8 32. exf6 1-0

[Event "Online Olym Top DivA 2020"]
[Site "chess.com INT"]
[Date "2020.08.23"]
[Round "9.1"]
[Board "3"]
[White "Makwena, Christine"]
[Black "Hoang, Thi Bao Tram"]
[Result "0-1"]
[BlackTitle "WGM"]
[WhiteElo "1653"]
[BlackElo "2288"]
[WhiteTeam "Zimbabwe"]
[BlackTeam "Vietnam"]
[WhiteFideId "11003391"]
[BlackFideId "12401102"]
[EventDate "2020.08.21"]
[EventType "team"]

1. d4 d5 2. Bg5 c6 3. e3 Bf5 4. Bd3 Bg6 5. Nf3 Qb6 6. Bxg6 hxg6 7. Nbd2 Nd7 8.
c4 e6 9. Bf4 Ngf6 10. h3 Qxb2 11. Rb1 Qxa2 12. Rxb7 dxc4 13. Qc1 Nb6 14. Rc7
Nfd5 15. Rxc6 Nb4 16. Ne5 Nxc6 17. Nxc6 Rc8 18. Ne5 c3 19. Ne4 Ba3 0-1

[Event "Online Olym Top DivA 2020"]
[Site "chess.com INT"]
[Date "2020.08.23"]
[Round "9.1"]
[Board "4"]
[White "Nguyen, Thi Mai Hung"]
[Black "Zengeni, Tatenda Melisa"]
[Result "1-0"]
[WhiteTitle "WGM"]
[WhiteElo "2258"]
[BlackElo "1584"]
[WhiteTeam "Vietnam"]
[BlackTeam "Zimbabwe"]
[WhiteFideId "12401676"]
[BlackFideId "11001313"]
[EventDate "2020.08.21"]
[EventType "team"]

1. d4 Nf6 2. Nf3 e6 3. Bf4 d5 4. e3 Be7 5. Bd3 O-O 6. O-O b6 7. c4 Bb7 8. Nc3
Nbd7 9. h3 a6 10. Rc1 dxc4 11. Bxc4 b5 12. Bd3 c5 13. Bb1 cxd4 14. exd4 Nd5 15.
Bg3 N7f6 16. Qe2 Bd6 17. Ne5 Nxc3 18. Rxc3 Nd5 19. Rcc1 f6 20. Nd3 Re8 21. Nc5
Bxc5 22. dxc5 Bc6 23. Rfd1 Qd7 24. Rd4 e5 25. Rd2 Qb7 26. f3 Nf4 27. Qe3 g5 28.
Rcd1 Qc7 29. Rd6 Nd5 30. R1xd5 Bxd5 31. Rxd5 Rad8 32. Be4 Rxd5 33. Bxd5+ Kg7 34.
b4 Rd8 35. Bb3 Qd7 36. Kh2 Qd4 37. Qe4 Qxe4 38. fxe4 h5 39. Bf2 Kf8 40. c6 Rc8
41. Bd5 Ke7 42. Bc5+ Kd8 43. Bd6 1-0

[Event "Online Olym Top DivA 2020"]
[Site "chess.com INT"]
[Date "2020.08.23"]
[Round "9.1"]
[Board "5"]
[White "Mpala, Leeroy"]
[Black "Tran, Minh Thang"]
[Result "0-1"]
[BlackTitle "IM"]
[WhiteElo "1803"]
[BlackElo "2335"]
[WhiteTeam "Zimbabwe"]
[BlackTeam "Vietnam"]
[WhiteFideId "11003367"]
[BlackFideId "12401080"]
[EventDate "2020.08.21"]
[EventType "team"]

1. c4 Nf6 2. g3 g6 3. Bg2 Bg7 4. Nc3 O-O 5. Nf3 d5 6. cxd5 Nxd5 7. O-O Nb6 8. d3
Nc6 9. Be3 e5 10. Rc1 Nd4 11. a4 Bg4 12. Bxd4 exd4 13. Nb5 c6 14. Na3 Qe7 15. a5
Nd5 16. a6 Rac8 17. axb7 Qxb7 18. Nc4 Qe7 19. h3 Be6 20. Re1 Nb6 21. Na5 Bd5 22.
Nd2 Bxg2 23. Kxg2 Bh6 24. Ra1 Rfe8 25. Ne4 f5 26. Nd2 Nd5 27. Nf3 Bg7 28. Qb3
Qe6 29. Ng5 Qf6 30. Nf3 Kh8 31. Nc4 Re7 32. Ra6 g5 33. Qa4 g4 34. hxg4 fxg4 35.
Nh4 Rf8 36. f3 gxf3+ 37. Nxf3 Rxe2+ 38. Rxe2 Qxf3+ 39. Kh3 Nf4+ 40. Kh2 Qxe2+ 0-1